000 01637nam a2200421 c 4500
001 51077
003 ES-MaCES
005 20250116140025.0
008 181227s2018 sp 000 | spa d
017 _aAB 589-2018
_bDL
020 _a9788417310562
040 _aES-MaCES
_bspa
_cES-MaCES
100 1 _913938
_aGoñi Sein, José Luis
245 1 3 _aLa nueva regulación europea y española de protección de datos y su aplicación al ámbito de la empresa
_b: (incluido el Real Decreto-Ley 5/2018)
_cJosé Luis Goñi Sein
250 _a1ª ed
260 _aAlbacete
_bBomarzo
_c2018
300 _a191 p.
_c24 cm
490 1 _aColección Estudios
504 _aBibliografía: p. 189-191
541 _cCompra
650 7 _aprotección de los datos
_929496
650 7 _aflujo transnacional de datos
_930597
650 7 _aempresa
_928178
650 7 _aderechos de los trabajadores
_929924
650 7 _aderecho del trabajo
_927165
650 7 _aReglamento de la CE
_929874
650 7 _aderecho comunitario
_929866
650 7 _aarmonización
_929884
650 7 _alegislación del trabajo
_927166
650 4 _aEspaña
_926964
650 4 _arégimen jurídico
_929894
653 1 0 _aDerecho del trabajo y Seguridad Social
710 1 2 _aUnión Europea
_tReglamento general de protección de datos, 2016
_938997
710 2 2 _939416
_aEspaña
_bReal Decreto-Ley de medidas urgentes para la adaptación del Derecho español a la normativa de la Unión Europea en materia de protección de datos, 2018
830 0 _aColección Estudios (Editorial Bomarzo)
_939568
902 _aLIB Libro
942 _2CES
_cBK
_h6.0.1.
999 _c51077
_d51077